Food Places In The UK - Statistics

General Stats
  • This quiz has been taken 307 times
  • The average score is 5 of 11
Answer Stats
Hint Answers % Correct
1 mcdonalds
99%
3 burger king
85%
2 kfc
85%
7 pizza hut
59%
6 subway
54%
8 dominos
46%
4 starbucks
42%
9 five guys
21%
5 dunkin donuts
2%
10 toby carvery
2%
11 miller and carter
0%
No matching quizzes found
Score Distribution
Percent of People with Each Score
Percentile by Number Answered
Your Score History
You have not taken this quiz